[Event "AUTUMN MELLOW"]
[Site "SchemingMind.com"]
[Date "2014.09.19"]
[Round "-"]
[White "David Hartley"]
[Black "Gantz69"]
[Result "1-0"]
[WhiteCountry "ENG"]
[BlackCountry "MEX"]
[WhiteElo "1791"]
[WhiteRD "65"]
[BlackElo "1610"]
[BlackRD "123"]
[GameID "364698"]

1. e4 c5 2. c3 Nc6 3. d4 cxd4 4. cxd4 d5 5. e5 Bf5 6. Be3 e6 7. Bd3 Bb4+ 8. Nc3 Nge7 9. Ne2 O-O 10. O-O Bxd3
11. Qxd3 Ng6 12. f4 f5 13. Rac1 Rc8 14. Rc2 a6 15. Rfc1 b5 16. Nxb5 axb5 17. Rxc6 Rxc6 18. Rxc6 Qd7 19. Qxb5 Be7 20. Qa6 Kf7
21. g3 h5 22. Bd2 Rb8 23. b3 Bb4 24. Bxb4 Rxb4 25. Rb6 Rxb6 26. Qxb6 Ne7 27. Qc5 Qc6 28. Qxc6 Nxc6 29. Kf2 Nb4 30. a4 Ke7
31. Nc1 Kd7 32. h3 g6 33. Kf3 Kc6 34. g4 Nc2 35. Ne2 Kb6 36. gxh5 gxh5 37. Kg3 Ka5 38. Kh4 Kb4 39. Kxh5 Kxb3 40. a5 Nb4
41. Kg5 Kc2 42. h4 Kd3 43. h5 Kxe2 44. h6
1-0

[Event "AUTUMN MELLOW"]
[Site "SchemingMind.com"]
[Date "2014.09.18"]
[Round "-"]
[White "Gantz69"]
[Black "David Hartley"]
[Result "0-1"]
[WhiteCountry "MEX"]
[BlackCountry "ENG"]
[WhiteElo "1570"]
[WhiteRD "169"]
[BlackElo "1803"]
[BlackRD "65"]
[GameID "364699"]

1. c4 Nf6 2. Nc3 g6 3. g3 Bg7 4. d4 O-O 5. Bg2 d6 6. Nf3 Nbd7 7. O-O e5 8. Bg5 Re8 9. dxe5 dxe5 10. Nd5 b6
11. Nxf6+ Bxf6
0-1

[Event "AUTUMN MELLOW"]
[Site "SchemingMind.com"]
[Date "2014.09.22"]
[Round "-"]
[White "Clive Everill"]
[Black "Gantz69"]
[Result "1-0"]
[WhiteCountry "CZE"]
[BlackCountry "MEX"]
[WhiteElo "1709"]
[WhiteRD "52"]
[BlackElo "1570"]
[BlackRD "169"]
[GameID "364700"]

1. e4 c6 2. Nc3 d5 3. Nf3 dxe4 4. Ng5 Nf6 5. Bc4 e6 6. Ncxe4 Nxe4 7. Nxe4 b5 8. Be2 Nd7 9. d4 Bb4+ 10. c3 Ba5
11. Nd6+
1-0

[Event "AUTUMN MELLOW"]
[Site "SchemingMind.com"]
[Date "2014.09.18"]
[Round "-"]
[White "Gantz69"]
[Black "Clive Everill"]
[Result "0-1"]
[WhiteCountry "MEX"]
[BlackCountry "CZE"]
[WhiteElo "1570"]
[WhiteRD "169"]
[BlackElo "1709"]
[BlackRD "52"]
[GameID "364701"]

1. c4 Nf6 2. Nc3 e6 3. d4 Bb4 4. a3 Bxc3+ 5. bxc3 c5 6. Nf3 Nc6 7. Bg5 h6 8. Bh4 g5 9. Bg3 Qa5 10. Qb3 cxd4
11. Rc1 dxc3 12. Qxc3 Qxc3+ 13. Rxc3 Ne4 14. Rc1 Nxg3
0-1

[Event "AUTUMN MELLOW"]
[Site "SchemingMind.com"]
[Date "2014.09.22"]
[Round "-"]
[White "Scooter"]
[Black "Gantz69"]
[Result "1/2-1/2"]
[WhiteCountry "USA"]
[BlackCountry "MEX"]
[WhiteElo "1761"]
[WhiteRD "48"]
[BlackElo "1570"]
[BlackRD "169"]
[GameID "364702"]

1. d4 c5 2. Nf3 cxd4 3. Nxd4 Nf6 4. Bf4 d6 5. Bg5 e5 6. Nb3 Be7 7. Nc3 O-O 8. e3 h6 9. Bxf6 Bxf6 10. Ne4 Bf5
11. Nxf6+ Qxf6 12. Bd3 e4 13. Bc4 Qxb2 14. Nd4 Qc3+ 15. Ke2 Qxc4+ 16. Ke1 Qc3+=
1/2-1/2

[Event "AUTUMN MELLOW"]
[Site "SchemingMind.com"]
[Date "2014.09.18"]
[Round "-"]
[White "Gantz69"]
[Black "Scooter"]
[Result "0-1"]
[WhiteCountry "MEX"]
[BlackCountry "USA"]
[WhiteElo "1570"]
[WhiteRD "169"]
[BlackElo "1761"]
[BlackRD "48"]
[GameID "364703"]

1. c4 Nf6 2. Nc3 g6 3. d4 Bg7 4. Nf3 O-O 5. e4 d6 6. Be2 Bg4 7. O-O Nbd7 8. h3 Bxf3 9. Bxf3 e5 10. Bg5 exd4
11. Qxd4 Re8 12. Rfe1 Nc5 13. Nd5 Ncxe4 14. Nxf6+ Nxf6 15. Rxe8+ Nxe8
0-1

[Event "AUTUMN MELLOW"]
[Site "SchemingMind.com"]
[Date "2014.09.18"]
[Round "-"]
[White "kenneth m day"]
[Black "Gantz69"]
[Result "0-1"]
[WhiteCountry "USA"]
[BlackCountry "MEX"]
[WhiteElo "1712"]
[WhiteRD "48"]
[BlackElo "1610"]
[BlackRD "123"]
[GameID "364704"]

1. e4 c6 2. c4 d5 3. cxd5 cxd5 4. exd5 Nf6 5. d4 Nxd5 6. Bc4 e6 7. Nc3 Bb4 8. Bd2 O-O 9. Nf3 a6 10. O-O b5
11. Bb3 Nxc3 12. bxc3 Bd6 13. Rc1 Bb7 14. Re1 Re8 15. Bg5 f6 16. Bh4 g5 17. Bg3 Bxg3 18. fxg3 Bd5 19. Re2 g4 20. Nh4 Bc4
21. Bxc4 bxc4 22. Rb1 Nc6 23. Rb6 Qxb6 24. Qc1 Ne7 25. Qh6 Nf5 26. Qxf6 Nxh4 27. gxh4 Qb1+ 28. Qf1 Qxf1+ 29. Kxf1 Rab8 30. Kf2 Rb5
31. Kg3 h5 32. Rf2 e5 33. dxe5 Rbxe5
0-1

[Event "AUTUMN MELLOW"]
[Site "SchemingMind.com"]
[Date "2014.09.18"]
[Round "-"]
[White "Gantz69"]
[Black "kenneth m day"]
[Result "0-1"]
[WhiteCountry "MEX"]
[BlackCountry "USA"]
[WhiteElo "1610"]
[WhiteRD "123"]
[BlackElo "1712"]
[BlackRD "48"]
[GameID "364705"]

1. c4 c5 2. Nc3 Nc6 3. Nf3 Nf6 4. d4 cxd4 5. Nxd4 e5 6. Nb3 Bb4 7. Bg5 O-O 8. e4 Be7 9. Bd3 h6 10. Bh4 d6
11. Bxf6 Bxf6 12. Nd5 Bh4 13. O-O Qg5 14. f4 exf4 15. Nxf4 Qe5 16. Qh5 Bf6 17. Qxe5 Nxe5 18. Rad1 Bg4 19. Be2 Rac8 20. Bxg4 Nxg4
21. Rxd6 Bxb2 22. h3 Ne3 23. Rf3 Nxc4 24. Rd7 Ne5 25. Rd2 Nxf3+ 26. gxf3 Be5 27. Nd3 Bf6 28. Nb4 Bc3 29. Nd5 Bxd2 30. Nxd2 Rc2
31. Ne7+ Kh8 32. Nb3 Rxa2 33. Nc5 Rd8 34. Nd5 Rc8 35. Nd3 Rcc2 36. Ne3 Rc3 37. Nb4 Rc1+ 38. Nf1 Raa1
0-1

[Event "AUTUMN MELLOW"]
[Site "SchemingMind.com"]
[Date "2014.09.22"]
[Round "-"]
[White "bobbassbone"]
[Black "Gantz69"]
[Result "0-1"]
[WhiteCountry "ENG"]
[BlackCountry "MEX"]
[WhiteElo "1566"]
[WhiteRD "55"]
[BlackElo "1610"]
[BlackRD "123"]
[GameID "364706"]

1. d4 d5 2. Bf4 Bf5 3. e3 Nf6 4. c3 e6 5. Nd2 c5 6. Ngf3 Bd6 7. Bg3 Bxg3 8. hxg3 O-O 9. Nh4 Bg4 10. Be2 Bxe2
11. Qxe2 cxd4 12. exd4 Re8 13. g4 Qb6 14. Ndf3 Nc6 15. Ne5 Nxe5 16. dxe5 Ne4 17. O-O Ng3 18. Qd2 Nxf1 19. Kxf1 Qb5+ 20. Kg1 Qc4
21. a3 Qxg4 22. Nf3 h5 23. Re1 h4 24. Nh2 Qg6 25. Kf1 Rac8 26. Qd4 Rc4 27. Qxa7 Qd3+ 28. Kg1 Re4 29. Rxe4 Qxe4 30. Qxb7 Qxe5
31. Nf3 Qb8 32. Qxb8 Rxb8 33. b4 Ra8 34. b5 Rxa3 35. Nxh4 Rxc3 36. Nf3 Rc1+ 37. Kh2 Rb1 38. Nd4 Rb4 39. Nc2 Rxb5 40. Kg3 e5
41. Kf3 f5 42. Ne3 g6 43. g3 d4 44. Nd1 Rb3+ 45. Ke2 Kf7
0-1

[Event "AUTUMN MELLOW"]
[Site "SchemingMind.com"]
[Date "2014.09.18"]
[Round "-"]
[White "Gantz69"]
[Black "bobbassbone"]
[Result "1-0"]
[WhiteCountry "MEX"]
[BlackCountry "ENG"]
[WhiteElo "1570"]
[WhiteRD "169"]
[BlackElo "1590"]
[BlackRD "56"]
[GameID "364707"]

1. c4 c6 2. Nc3 d5 3. cxd5 cxd5 4. d4 Nf6 5. Nf3 e6 6. Bg5 h6 7. Bh4 Be7 8. e3 Nc6 9. Bb5 Bd7 10. O-O a6
11. Ba4 Qc7 12. Re1 O-O 13. e4 dxe4 14. Nxe4 Rfd8 15. Nxf6+ Bxf6 16. Bxf6 gxf6 17. Qd2 Ne7 18. Rac1 Qb6 19. Bxd7 Rxd7 20. Qxh6 Nf5
21. Qxf6 Nxd4 22. Ne5 Re7 23. Qxe7
1-0

[Event "AUTUMN MELLOW"]
[Site "SchemingMind.com"]
[Date "2014.09.22"]
[Round "-"]
[White "Ramesh Panwar"]
[Black "Gantz69"]
[Result "1-0"]
[WhiteCountry "IND"]
[BlackCountry "MEX"]
[WhiteElo "2207"]
[WhiteRD "52"]
[BlackElo "1570"]
[BlackRD "169"]
[GameID "364708"]

1. c4 c5 2. Nf3 Nc6 3. Nc3 Nf6 4. e3 e6 5. d4 d5 6. a3 Be7 7. dxc5 O-O 8. b4 Ne4 9. Bb2 Nxc3 10. Bxc3 Bf6
11. Qc2 a6 12. Bd3 dxc4 13. Bxh7+ Kh8 14. Be4 Bxc3+ 15. Qxc3 Qf6 16. Rc1 Qxc3+ 17. Rxc3 f5 18. Bxc6 bxc6 19. a4 Rb8 20. Rxc4 a5
21. Ne5 Ba6 22. Rh4+ Kg8 23. Nxc6 Rb7 24. Nxa5 g5 25. Nxb7 gxh4 26. Nd6 Ra8 27. Kd2 Bc8 28. b5
1-0

[Event "AUTUMN MELLOW"]
[Site "SchemingMind.com"]
[Date "2014.09.18"]
[Round "-"]
[White "Gantz69"]
[Black "Ramesh Panwar"]
[Result "0-1"]
[WhiteCountry "MEX"]
[BlackCountry "IND"]
[WhiteElo "1570"]
[WhiteRD "169"]
[BlackElo "2207"]
[BlackRD "52"]
[GameID "364709"]

1. c4 e5 2. Nc3 Nc6 3. Nf3 Nf6 4. d3 Bc5 5. Bg5 O-O 6. e3 h6 7. Bxf6 Qxf6 8. Be2 Bb4 9. O-O Bxc3 10. bxc3 d6
11. e4 Nd8 12. d4 Ne6 13. dxe5 dxe5 14. Qc2 b6 15. Rad1 Bb7 16. h3 Bc6 17. Bd3 Nf4 18. Nh2 Qg5
0-1

[Event "AUTUMN MELLOW"]
[Site "SchemingMind.com"]
[Date "2014.09.25"]
[Round "-"]
[White "David Hartley"]
[Black "jpetric"]
[Result "1-0"]
[WhiteCountry "ENG"]
[BlackCountry "USA"]
[WhiteElo "1801"]
[WhiteRD "64"]
[BlackElo "1579"]
[BlackRD "74"]
[GameID "364928"]

1. e4 e5 2. Nf3 Nc6 3. Bb5 d6 4. d4 Bg4 5. d5 a6 6. Bxc6+ bxc6 7. dxc6 g6 8. c4 Ne7 9. h3 Be6 10. Qa4 Qb8
11. Nc3 Qb6 12. Nd5 Nxd5 13. cxd5 Bc8 14. O-O Bg7 15. Be3 Qb5 16. Qc2 a5 17. a4 Qa6 18. Rfd1 Rb8 19. Rd3 Qa8 20. Rb3 O-O
21. Rxb8 Qxb8 22. Bd2 Qb6 23. Qc3 Ba6 24. Rb1 Rb8 25. Qxa5 Qxa5 26. Bxa5 Rc8 27. Ne1 Bh6 28. b4 Bd2 29. Nf3 Bc3 30. Rb3 Bd4
31. Nxd4 exd4 32. b5 Bxb5 33. axb5 Kg7 34. b6 cxb6 35. Bxb6 Re8 36. f3 Kf6 37. Bxd4+ Ke7 38. Rb7+ Kf8 39. c7
1-0

[Event "AUTUMN MELLOW"]
[Site "SchemingMind.com"]
[Date "2014.09.25"]
[Round "-"]
[White "jpetric"]
[Black "David Hartley"]
[Result "0-1"]
[WhiteCountry "USA"]
[BlackCountry "ENG"]
[WhiteElo "1532"]
[WhiteRD "70"]
[BlackElo "1803"]
[BlackRD "65"]
[GameID "364929"]

1. e4 e5 2. Nf3 Nc6 3. Bc4 Bc5 4. d3 d6 5. Ng5 Nh6 6. Nf3 Ng4 7. d4 Nxd4 8. c3 Nxf3+ 9. Qxf3 Qf6 10. Qxf6 Nxf6
11. f3 O-O 12. Bg5 Nd7 13. Nd2 Nb6 14. b4 Nxc4 15. Nxc4 Bb6 16. a4 f6 17. Nxb6 cxb6 18. Be3 Be6 19. O-O Rfd8 20. Rfd1 d5
21. b5 dxe4 22. fxe4 Kf7 23. h3 Ke7 24. Rd2 Rxd2 25. Bxd2 Rd8 26. Be1 Rc8 27. g4 Rc4 28. a5 Rxe4 29. axb6 axb6 30. Kf2 Rc4
31. Ra7 Bd5 32. Ra3 Rc5 33. h4 Rxb5 34. Ra4 Ra5 35. Rb4 b5 36. c4 Bxc4 37. Rxc4 Ra2+ 38. Ke3 bxc4 39. Bb4+ Ke6 40. Bc3 Ra3
41. Kd2 b5 42. Kc2 Ra2+ 43. Bb2 b4 44. Kb1 b3 45. Kc1 g6 46. Bc3 Rc2+
0-1

[Event "AUTUMN MELLOW"]
[Site "SchemingMind.com"]
[Date "2014.09.23"]
[Round "-"]
[White "Clive Everill"]
[Black "jpetric"]
[Result "1/2-1/2"]
[WhiteCountry "CZE"]
[BlackCountry "USA"]
[WhiteElo "1709"]
[WhiteRD "52"]
[BlackElo "1532"]
[BlackRD "70"]
[GameID "364930"]

1. e4 e5 2. f4 Nc6 3. Nf3 Qf6 4. Bc4 Bc5 5. Nc3 Nge7 6. f5 Nd4 7. Na4 Bd6 8. Nxd4 exd4 9. d3 Bb4+ 10. Bd2 Nc6
11. a3 Bd6 12. Qe2 Na5 13. Bxa5 b6 14. Bd2 a6 15. b4 b5 16. Bxf7+ Kxf7 17. Nb2 Qh4+ 18. Qf2 Qxf2+ 19. Kxf2 Rf8 20. g4 Bb7
21. h4 c5 22. bxc5 Bxc5 23. Bb4 d6 24. Rae1 a5 25. Bxc5 dxc5 26. Rh2 Kg8 27. Kg3 Rae8 28. e5 g6 29. f6 Rxf6 30. exf6 Rxe1
31. h5 g5 32. h6 Re3+ 33. Kf2 Rf3+ 34. Ke2 Rxf6 35. Rh5 Bf3+ 36. Kd2 Bxg4 37. Rxg5+ Rg6 38. Rxc5 Bd7 39. Rd5 Rg2+ 40. Kc1 Bc6
41. Rxd4 Rg6 42. Rh4 Kf7 43. Kd2 Kf6 44. Nd1 Rg2+ 45. Kc3 Rg6 46. Ne3 Kg5 47. Rd4 Kxh6 48. Nf5+ Kg5 49. Ne7 Re6 50. Nxc6 Rxc6+
51. Kb2 Rc5 52. c4 h5 53. cxb5 Rxb5+ 54. Kc3 h4 55. Rd8 Kg4 56. d4 h3 57. d5 h2 58. Rg8+ Kf3 59. Rh8 Kg2 60. Rg8+ Kf2
61. Rh8 Kg3 62. Rg8+ Kh3 63. Rh8+= Kg2 64. Rg8+=
1/2-1/2

[Event "AUTUMN MELLOW"]
[Site "SchemingMind.com"]
[Date "2014.09.23"]
[Round "-"]
[White "jpetric"]
[Black "Clive Everill"]
[Result "1-0"]
[WhiteCountry "USA"]
[BlackCountry "CZE"]
[WhiteElo "1579"]
[WhiteRD "74"]
[BlackElo "1652"]
[BlackRD "53"]
[GameID "364931"]

1. e4 d5 2. e5 Nc6 3. d4 Bf5 4. a3 f6 5. Nf3 e6 6. Nh4 Bg6 7. Bb5 Qd7 8. Bf4 a6 9. Be2 Nge7 10. Nc3 Nf5
11. Nxf5 Bxf5 12. exf6 gxf6 13. Bh5+ Bg6 14. Qg4 Rg8 15. O-O-O O-O-O 16. g3 Qf7 17. Bxg6 Rxg6 18. Qh3 Kb8 19. Rhe1 Re8 20. Na4 Bd6
21. Bxd6 cxd6 22. f4 f5 23. Qh5 Qg7 24. Rd3 Nxd4 25. Nb6 Nxc2 26. Kxc2 Qc7+ 27. Rc3 Qxb6 28. Qxh7 Qf2+ 29. Kb3 Rgg8 30. Qc7+ Ka8
31. Rec1 Rd8 32. h4 d4 33. Qb6 e5 34. Rc7 Rxg3+ 35. Ka2 Rb8 36. Rxb7 Rxb7 37. Rc8+
1-0

[Event "AUTUMN MELLOW"]
[Site "SchemingMind.com"]
[Date "2014.09.22"]
[Round "-"]
[White "jpetric"]
[Black "Scooter"]
[Result "0-1"]
[WhiteCountry "USA"]
[BlackCountry "USA"]
[WhiteElo "1611"]
[WhiteRD "76"]
[BlackElo "1706"]
[BlackRD "48"]
[GameID "364932"]

1. e4 c6 2. Nc3 d5 3. d4 dxe4 4. Nxe4 Bf5 5. Qd3 Bxe4 6. Qxe4 Nf6 7. Qd3 Nbd7 8. Bg5 h6 9. Bh4 e6 10. Nf3 Be7
11. Ne5 Nxe5 12. dxe5 Nd5 13. Bxe7 Nxe7 14. Be2 Ng6 15. Qe3 Qa5+ 16. c3 Qxe5 17. Qd3 Nf4 18. Qc2 Nxe2 19. Qxe2 Qxe2+ 20. Kxe2 O-O-O
21. Rhe1 Rd7 22. b4 Rhd8 23. Kf1 Rd2 24. a4 Rc2 25. Rec1 Rdd2 26. Rxc2 Rxc2 27. Ra3 Kd7 28. g3 Kd6 29. Kg2 g5 30. Kf3 f5
31. h3 e5 32. Ke3 f4+ 33. gxf4 exf4+ 34. Kf3 Kd5 35. Rb3 Kc4 36. Rb1 h5 37. b5 Rxc3+ 38. Kg2 cxb5 39. Rxb5 g4 40. hxg4 hxg4
41. Rxb7 a5 42. Rb5 Kd3 43. Rxa5 Ra3 44. Rg5 f3+ 45. Kg3 Rxa4 46. Rxg4 Ra3 47. Kxf3 Kd2+ 48. Ke4 Ke2 49. f4 Ra4+ 50. Kf5 Kf3
51. Kg5 Rb4 52. Kf5 Rb5+
0-1

[Event "AUTUMN MELLOW"]
[Site "SchemingMind.com"]
[Date "2014.09.22"]
[Round "-"]
[White "Scooter"]
[Black "jpetric"]
[Result "0-1"]
[WhiteCountry "USA"]
[BlackCountry "USA"]
[WhiteElo "1706"]
[WhiteRD "48"]
[BlackElo "1611"]
[BlackRD "76"]
[GameID "364933"]

1. d4 d5 2. Nf3 Nc6 3. Bf4 Bf5 4. a3 e6 5. e3 Nf6 6. h3 h6 7. Bd3 Ne4 8. O-O Bd6 9. Bxd6 Qxd6 10. Bxe4 Bxe4
11. Nbd2 Bf5 12. Re1 O-O-O 13. c4 b6 14. cxd5 Qxd5 15. Nc4 Qxc4 16. Rc1 Qb5 17. a4 Qd5 18. Nd2 Nb4 19. e4 Qxd4 20. Qb3 Qxd2
21. exf5 Nd5 22. Qc4 Qb4 23. Qa6+ Kb8 24. fxe6 fxe6 25. Rxe6 Qxb2 26. Rec6 Nb4 27. Qb5 Rd5 28. R6c5 Rxc5 29. Rxc5 Nd3 30. Qxb2 Nxb2
0-1

[Event "AUTUMN MELLOW"]
[Site "SchemingMind.com"]
[Date "2014.09.23"]
[Round "-"]
[White "jpetric"]
[Black "kenneth m day"]
[Result "0-1"]
[WhiteCountry "USA"]
[BlackCountry "USA"]
[WhiteElo "1532"]
[WhiteRD "70"]
[BlackElo "1657"]
[BlackRD "51"]
[GameID "364934"]

1. e4 e5 2. Nf3 Nc6 3. Bc4 Nf6 4. d3 Bc5 5. h3 O-O 6. Nc3 a6 7. Bg5 d6 8. Nd5 Nd4 9. Nxf6+ gxf6 10. Be3 Be6
11. c3 Nxf3+ 12. Qxf3 Bxe3 13. Bxe6 Bxf2+ 14. Qxf2 fxe6 15. Qg3+ Kh8 16. O-O-O Rg8 17. Qf3 Qe7 18. g4 Rg7 19. h4 Rag8 20. Rdg1 c6
21. Rh2 d5 22. Rhg2 h6 23. h5 Rg5 24. Rf1 f5 25. exf5 exf5 26. Rfg1 f4 27. Re1 Qf6 28. b3 Re8 29. Kc2 Kg7 30. c4 dxc4
31. dxc4 Qd6 32. Kb2 Qd4+ 33. Qc3 Qxc3+ 34. Kxc3 e4 35. Kd4 c5+ 36. Kc3 e3 37. Ree2 f3 38. Rxe3 Rxe3+
0-1

[Event "AUTUMN MELLOW"]
[Site "SchemingMind.com"]
[Date "2014.09.23"]
[Round "-"]
[White "kenneth m day"]
[Black "jpetric"]
[Result "0-1"]
[WhiteCountry "USA"]
[BlackCountry "USA"]
[WhiteElo "1657"]
[WhiteRD "51"]
[BlackElo "1532"]
[BlackRD "70"]
[GameID "364935"]

1. e4 e5 2. f4 Nc6 3. Nf3 Qf6 4. Bc4 h6 5. d3 Bc5 6. Nc3 Nge7 7. Qe2 Nd4 8. Nxd4 Bxd4 9. Be3 Nc6 10. O-O Bxe3+
11. Qxe3 Nd4 12. fxe5 Qxe5 13. Bxf7+ Kd8 14. Nd5 Nxc2 15. Qh3 Nxa1 16. Rxa1 Qxb2 17. Rf1 d6 18. Qf3 Bd7 19. Bg6 c6 20. Ne3 Kc7
21. Nc4 Qd4+ 22. Kh1 Raf8 23. Qd1 Rf6 24. Rxf6 Qxf6 25. Bh5 Rf8 26. h3 g6 27. Be2 Qh4 28. Ne3 h5 29. Bf3 Bxh3 30. gxh3 Qxh3+
31. Kg1 Rxf3 32. Ng2 Rxd3 33. Qe2 Qf3 34. Qxf3 Rxf3 35. Nh4 Rf4 36. Nxg6 Rxe4 37. Kf2 h4
0-1

[Event "AUTUMN MELLOW"]
[Site "SchemingMind.com"]
[Date "2014.09.22"]
[Round "-"]
[White "jpetric"]
[Black "bobbassbone"]
[Result "1/2-1/2"]
[WhiteCountry "USA"]
[BlackCountry "ENG"]
[WhiteElo "1579"]
[WhiteRD "74"]
[BlackElo "1638"]
[BlackRD "57"]
[GameID "364936"]

1. e4 c6 2. Bc4 d5 3. exd5 cxd5 4. Bb5+ Bd7 5. Nc3 Nf6 6. d3 e6 7. a3 Be7 8. Nf3 Bxb5 9. Nxb5 Qa5+ 10. Nc3 Nc6
11. Bd2 Qc7 12. Bg5 h6 13. Bh4 O-O 14. d4 e5 15. dxe5 Nxe5 16. Bxf6 Bxf6 17. Nxd5 Qc6 18. Nxe5 Qd6 19. Nxf6+ Qxf6 20. Nd7 Qe6+
21. Kf1 Rad8 22. Nxf8 Rxd1+ 23. Rxd1 Kxf8 24. b3 Qa6+ 25. Ke1 Qxa3 26. Kd2 Qd6+ 27. Kc1 Qe5 28. Kb1 Qf5 29. Rhe1 Kg8 30. f3 Qh5
31. h3 Qg5 32. Re2 Qb5 33. Rd8+ Kh7 34. Red2 Qf1+ 35. Kb2 Qb5 36. Ra8 Qe5+ 37. c3 Qe3 38. Kc2 Qc5 39. Kb2 Qe3=
1/2-1/2

[Event "AUTUMN MELLOW"]
[Site "SchemingMind.com"]
[Date "2014.09.22"]
[Round "-"]
[White "bobbassbone"]
[Black "jpetric"]
[Result "1-0"]
[WhiteCountry "ENG"]
[BlackCountry "USA"]
[WhiteElo "1638"]
[WhiteRD "57"]
[BlackElo "1579"]
[BlackRD "74"]
[GameID "364937"]

1. d4 d5 2. Bf4 Nc6 3. e3 Bf5 4. c3 e6 5. Nf3 Nf6 6. Nbd2 Bd6 7. Bg3 Ne4 8. Bxd6 Qxd6 9. Nh4 Ne7 10. Nxf5 exf5
11. Be2 Nc6 12. f3 Ng5 13. Qc2 Qf6 14. Qb3 O-O-O 15. Bb5 Na5 16. Qb4 b6 17. Nb3 Qd6 18. Qxd6 Rxd6 19. Nxa5 bxa5 20. Bd3 g6
21. Kf2 Kd7 22. c4 Rb8 23. b3 a4 24. cxd5 Rxd5 25. bxa4 Rb2+ 26. Kg3 Ra5 27. Bc4 Ke7 28. Bb3 h5 29. Rhc1 Ne6 30. Bxe6 fxe6
31. Rxc7+ Kd6 32. Rg7 Rxa4 33. Rxg6 Raxa2 34. Rxa2 Rxa2 35. Rg5 Re2 36. e4 a5 37. exf5 Rd2 38. fxe6 a4 39. Ra5 Rxd4 40. Ra6+ Ke7
41. f4 Rd3+ 42. Kh4 a3 43. f5 Rd5 44. Rxa3 Rxf5 45. Re3 Rb5 46. g4 hxg4 47. Kxg4 Rb6 48. Kf5 Rb5+ 49. Kg6 Rd5 50. h4 Rd8
51. h5 Re8 52. h6 Rg8+ 53. Kh5 Rg1 54. Re5 Kf6 55. e7 Rh1+ 56. Kg4
1-0

[Event "AUTUMN MELLOW"]
[Site "SchemingMind.com"]
[Date "2014.09.22"]
[Round "-"]
[White "jpetric"]
[Black "Ramesh Panwar"]
[Result "0-1"]
[WhiteCountry "USA"]
[BlackCountry "IND"]
[WhiteElo "1579"]
[WhiteRD "74"]
[BlackElo "2162"]
[BlackRD "60"]
[GameID "364938"]

1. e4 e5 2. Nf3 Nc6 3. Bc4 Nf6 4. d3 Bb4+ 5. Bd2 Bxd2+ 6. Qxd2 d6 7. Nc3 Bg4 8. Ng5 Bh5 9. f3 Nd4 10. O-O-O h6
11. Nh3 Qd7 12. Nd5 Nxd5 13. Bxd5 c6 14. c3 Nxf3 15. gxf3 Bxf3 16. Bxf7+ Qxf7 17. Rhf1 Qh5 18. Rde1 Qxh3 19. Qf2 O-O 20. Re3 Bg2
21. Rxh3 Rxf2 22. Rxf2 Bxh3 23. Kc2 Rf8 24. Rxf8+ Kxf8 25. Kd2 Bf1 26. Ke3 g5 27. d4 Bc4 28. a3 h5 29. Kf3 Kf7 30. Kg3 Kf6
31. h4 g4 32. a4 Bd3 33. dxe5+ Kxe5 34. b4 Kxe4 35. a5 Bc4 36. Kf2 Kd3
0-1

[Event "AUTUMN MELLOW"]
[Site "SchemingMind.com"]
[Date "2014.09.22"]
[Round "-"]
[White "Ramesh Panwar"]
[Black "jpetric"]
[Result "1-0"]
[WhiteCountry "IND"]
[BlackCountry "USA"]
[WhiteElo "2110"]
[WhiteRD "88"]
[BlackElo "1611"]
[BlackRD "76"]
[GameID "364939"]

1. c4 e5 2. e4 Bc5 3. Nc3 d6 4. Nf3 Nc6 5. a3 a5 6. d3 Nf6 7. Be2 Ng4 8. O-O Nd4 9. Nxd4 exd4 10. Bxg4 dxc3
11. bxc3 Qh4 12. Bxc8 Rxc8 13. Qa4+ c6 14. Rb1 Rb8 15. d4 Qxe4 16. Be3 Ba7 17. Qxa5 Ra8 18. Rxb7 O-O 19. Rxa7 c5 20. dxc5 dxc5
21. Rxa8 Rxa8 22. Qxc5 Qe6 23. Qd5 Qe8 24. Rd1 h6 25. c5 Rxa3 26. c6 Rxc3 27. Qd7 Kf8 28. Bd4 Rc2 29. Bxg7+
1-0

[Event "AUTUMN MELLOW"]
[Site "SchemingMind.com"]
[Date "2014.09.27"]
[Round "-"]
[White "jpetric"]
[Black "Gantz69"]
[Result "1/2-1/2"]
[WhiteCountry "USA"]
[BlackCountry "MEX"]
[WhiteElo "1521"]
[WhiteRD "71"]
[BlackElo "1610"]
[BlackRD "123"]
[GameID "364940"]

1. e4 c6 2. d4 d5 3. Nc3 dxe4 4. Nxe4 Bf5 5. Bd3 Qd5 6. Qe2 Nd7 7. c3 Ngf6 8. f3 e6 9. Qe3 c5 10. Ne2 cxd4
11. cxd4 Bb4+ 12. Bd2 Bxd2+ 13. Nxd2 Bxd3 14. Qxd3 O-O 15. Nf4 Qf5 16. Qxf5 exf5 17. O-O-O Rac8+ 18. Kb1 g5 19. Nd3 Nd5 20. h4 f6
21. Rc1 Ne3 22. g3 Rxc1+ 23. Nxc1 Kg7 24. Ndb3 b6 25. Ne2 Rc8 26. Nc3 h6 27. Nd2 Nc4 28. Kc1 f4 29. gxf4 Nxd2= 30. Kxd2 Rd8
31. fxg5 fxg5 32. hxg5 hxg5 33. Ne4 Nf6 34. Nxg5 Rxd4+ 35. Kc3 Rd5 36. Rg1 Nh7 37. Ne6+ Kf6 38. Nf4 Rg5 39. Rh1 Rc5+ 40. Kd3 Ng5
41. Rh6+ Kf5 42. Ne2 Nxf3=
1/2-1/2

[Event "AUTUMN MELLOW"]
[Site "SchemingMind.com"]
[Date "2014.09.27"]
[Round "-"]
[White "Gantz69"]
[Black "jpetric"]
[Result "1-0"]
[WhiteCountry "MEX"]
[BlackCountry "USA"]
[WhiteElo "1570"]
[WhiteRD "169"]
[BlackElo "1532"]
[BlackRD "70"]
[GameID "364941"]

1. c4 e5 2. Nc3 Nf6 3. g3 Bc5 4. Nf3 d6 5. Bg2 Ng4 6. e3 Nc6 7. O-O Be6 8. d3 Qf6 9. e4 a6 10. Bg5 Qg6
11. h3 h6 12. Nd5 Bxd5 13. cxd5 Nd4 14. Nxd4 Qxg5 15. hxg4 Bxd4 16. Qa4+ Ke7 17. Rac1 Rhc8 18. Bh3 Kf8 19. Kg2 g6 20. f4 exf4
21. Qxd4 Kg8 22. Rxf4 Re8 23. Rxc7 b5 24. Rcxf7 Qe5 25. Qxe5 dxe5 26. Rf2 a5 27. g5 h5 28. Be6 Kh8 29. Rb7 Rab8 30. Rc7 Rf8
31. Rxf8+ Rxf8 32. Rc8 Rxc8 33. Bxc8 Kg7 34. d6 Kf7 35. d7 Ke7 36. Kf2 Kd8 37. Ke3 Kc7 38. d4 exd4+ 39. Kxd4 b4 40. Kd5 a4
41. Kc4
1-0